00754nam a2200217Ia 4500003000900000008004100009020001800050040001600068080001600084245008500100260003600185300001400221650002400235650002200259650002500281700004100306700003100347942000700378999001700385952013400402IN-BaIIA211028s9999 xx 000 0 eng d a3-540-42101-7 cIIA Library a523.07bAST 0aAstrobiologybthe quest for the conditions of lifecedited by Gerda Horneck and  aNew YorkbSpringer-Verlagc2002 axv, 411p. aAstrobiology925948 aExobiology920584 aLife - origin923966 aBaumstark-Khan, Christa., ed.925949 aHorneck, Gerda, ed.925950 cBK c14585d14585 00104070aBANbBANcGENd2002-04-18eEDS g1116.37l0o523.07/ ASTp15507r2021-11-05v1116.37w2002-04-18yBKGRs. 1116.37